| 000 | 00530nam a2200193Ia 4500 | ||
|---|---|---|---|
| 999 |
_c15138 _d15138 |
||
| 003 | OSt | ||
| 005 | 20201027111803.0 | ||
| 008 | 190216s9999||||xx |||||||||||||| ||und|| | ||
| 020 | _a9780749396664 | ||
| 040 | _coclc | ||
| 082 |
_a853.914 _bECO/I |
||
| 100 |
_aEco, Umberto _95776 |
||
| 245 | 4 |
_aThe Island Of The Day Before / _cUmberto Eco |
|
| 250 | _a1st Ed. | ||
| 260 |
_bVintage Books , _c1998. _aLondon: |
||
| 300 | _a515p | ||
| 650 | _aEnglish | ||
| 942 |
_cBK _2ddc _h853.914 _iECO/I _k853.914 _mECO/I |
||